| 000 | 01138nam a2200325 i 4500 | ||
|---|---|---|---|
| 003 | EG-GICUC | ||
| 005 | 20260121101248.0 | ||
| 008 | 251119s1981 ua fr|||| 001 0 ara d | ||
| 017 | _a17/5705 | ||
| 020 | _a2562235 | ||
| 040 |
_a EG-GICUC _bara _c EG-GICUC _d EG-GICUC _erda |
||
| 041 | _aara | ||
| 082 | 0 | 4 |
_a343.411 _bآ م . ش _221 |
| 092 | 0 | 4 | _221 |
| 099 | _aLaw1 10 343.411 آ م . ش 1978 1006904 | ||
| 100 | 0 |
_aآمال عثمان. _eمؤلف. |
|
| 245 | 1 | 0 |
_aشرح قانون العقوبات الاقتصادي فى جرائم التموين / _cتأليف دكتورة آمال عثمان. |
| 264 | 1 |
_aالقاهرة : _bدارالنهضة العربية ، _c1978. |
|
| 300 |
_a352 صفحة ؛ _c24 سم. |
||
| 336 |
_2rda content _atext |
||
| 337 |
_2rda media _aComputer |
||
| 338 |
_2rda carrier _aOnline Resource |
||
| 504 | _aيشتمل علي ارجاعات ببليوجرافية. | ||
| 650 | 1 | 4 |
_aقانون العقوبات الإقتصادي. _2qrmak |
| 650 | 1 | 4 | _2qrmak |
| 651 | 1 | _2qrmak | |
| 856 | 4 | 0 | _uhttps://fll.law.cu.edu.eg/fulltext/bks/B10-06904.pdf |
| 905 | _a18 | ||
| 942 |
_2ddc _cBK _e21 _n0 |
||
| 999 |
_c44792 _d44792 |
||